Normal view
MARC view
- Eddie: McLaney and Peter Atrill
Entry Personal Name
001 - CONTROL NUMBER
- control field: 3054
003 - CONTROL NUMBER IDENTIFIER
- control field: JO-AjAnu
005 - DATE AND TIME OF LATEST TRANSACTION
- control field: 20230606070814.0
008 - FIXED-LENGTH DATA ELEMENTS
- fixed length control field: 230606|| aca||aabn | a|a d
040 ## - CATALOGING SOURCE
- Original cataloging agency: JO-AjAnu
- Transcribing agency: JO-AjAnu
100 ## - HEADING--PERSONAL NAME
- Personal name: Eddie: McLaney and Peter Atrill
670 ## - SOURCE DATA FOUND
- Source citation: Work cat.: (JO-AjAnu)1602: Eddie: McLaney and Peter Atrill, author, Accounting : an introduction